00325nam a2200121Ia 4500008004100000040001700041041001200058082001400070100001900084245004800103260004100151300001100192230917s9999||||xx |||||||||||||| ||und|| e120061aMAIN aEnglish a330.1 U1W aUnited Nations 0aWorld Economic situation and prospects 2007 aNew DelhibAcademic Foundationc2007 a155 p.